| 000 | 01019nam a2200205 a 4500 | ||
|---|---|---|---|
| 001 | 55529 | ||
| 005 | 20180714050855.0 | ||
| 008 | 140415s2009 mx 000 0 spa d | ||
| 020 | _a9789706131010 | ||
| 041 | _aspa | ||
| 082 |
_a320.1 _bAND |
||
| 100 | 1 | _aANDRADE SANCHEZ, EDUARDO | |
| 245 | 1 | 0 | _aTEORIA GENERAL DEL ESTADO |
| 250 | _a2a ed. | ||
| 260 |
_aMEXICO : _bOXFORD UNIVERSITY PRESS MEXICO, _c2009 |
||
| 300 |
_a461 _c17.1 x 2.4 x 23 |
||
| 490 | _aTEXTOS JURIDICOS UNIVERSITARIOS | ||
| 520 | _aUN LIBRO COMO EL QUE TIENE EN SUS MANOS NO ES FACIL DE ENCONTRAR, YA QUE EN ÉL ANDRADE CONJUGA SU CONOCIMIENTO ACERCA DE LA LLAMADA TEORIA GENERAL DEL ESTADO, SU EXPERIENCIA POLITICA Y COMO DOCENTE. LA IDEA CENTRAL QUE EXPONE EL AUTOR A LO LARGO DE LA OBRA ES QUE EL ESTADO ES UNA ENTIDAD ECONOMICA, ADEMAS DE POLITICA, A PARTIR DE ESTE PLANTEAMIENTO, EXPRESA SU INTERPRETACION ACERCA DE DIVERSOS PROBLEMAS ACTUALES QUE SE VINCULAN AL PROCESO CONOCIDO COMO GLOBALIZACION | ||
| 650 | 1 | 4 | _aESTADO |
| 999 |
_c55529 _d55529 |
||